| 000 | 00704cam a2200229 4500 | ||
|---|---|---|---|
| 008 | 090401t1997 xxu||||| |||| 00| 0 eng d | ||
| 020 | _a0117533718 | ||
| 035 | _a(Sirsi) u77235 | ||
| 041 | _aeng | ||
| 110 |
_aUnited Kingdom _bDepartment of the Environment _9982 |
||
| 245 | _aHouses in multiple occupation : guidance on the provisions in Part II of the Housing Act 1996. | ||
| 260 |
_aLondon _bStationery Office _c1997 |
||
| 300 | _a18p. ; 30cm. | ||
| 350 | _a5.5 | ||
| 490 |
_aDoE Circular _v3/97 3 March 1997 |
||
| 650 | _aHOUSES IN MULTIPLE OCCUPATION | ||
| 650 | _aHOUSES IN MULTIPLE OCCUPATION | ||
| 650 | _aHOUSING ACT 1996 | ||
| 690 | _aHOUSING | ||
| 942 | _n0 | ||
| 948 | _c20/03/1997 | ||
| 999 |
_c96293 _d96293 |
||